|
|
|
|
| LEADER |
00000nab a2200000 a 4500 |
| 001 |
vtls000508365 |
| 003 |
SK-MaSNL |
| 005 |
20260303003352.0 |
| 008 |
120927c1994 xo 0 slo |
| 015 |
|
|
|a SNBRB19rr/mm-uuuuu
|
| 035 |
|
|
|a CL0508503
|
| 040 |
|
|
|a SNKBUCL
|b slo
|c SNKBUCL
|e AACR2
|
| 041 |
0 |
|
|a slo
|
| 044 |
|
|
|a xo
|c SK
|
| 080 |
|
|
|a 667:061.5(437.6)
|2 1981
|
| 100 |
1 |
|
|a Potančok, Miro
|4 aut
|9 841272
|
| 245 |
1 |
0 |
|a Ak dlžníci zaplatia
|b Zo zisku stačia financovať iba najnutnejší rozvoj
|c Miro Potančok
|
| 300 |
|
|
|b Fotogr. 1
|
| 650 |
0 |
7 |
|a priemysel farbív
|2 snkbucl
|9 358699
|
| 650 |
0 |
7 |
|a Novochema, v.d., Levice
|2 snkbucl
|9 981135
|
| 651 |
|
7 |
|a 5205
|2 snkbucl
|9 276526
|
| 655 |
|
7 |
|a články z novín a časopisov
|2 snkbucl
|9 267496
|
| 773 |
0 |
|
|t Slovenský profit
|g Roč. 2, č. 3 (1994), s. 7
|
| 850 |
|
|
|a Slovenská národná knižnica v Martine
|a MTA001
|
| 852 |
|
|
|a SNK
|b KIS3GCP
|
| 958 |
|
|
|a RK
|
| 992 |
|
|
|a RBX
|
| 999 |
|
|
|c 1572421
|d 1574351
|